000 00672nam a2200277Ia 4500
005 20260324123509.0
008 008 260324s9999 xx 000 0 eng d
020 _a9781315421452
037 _aEBOOK
040 _aCRL
040 _beng
040 _cCRL
041 _2eng
041 _aeng
084 _qCRL
100 _aMichael D Giardina; Norman K Denzin
_91170533
245 0 _aQualitative Inquiry and the Politics of Advocacy
260 _bTaylor and Francis
260 _c2012
365 _a
365 _b240
856 _uhttp://www.taylorfrancis.com/books/9781315421452
942 _cEBOOK
999 _c1764107
_d1764107